| 000 | 00583nam a2200181 a 4500 | ||
|---|---|---|---|
| 001 | 000021206 | ||
| 005 | 20200930011249.0 | ||
| 008 | 100902s1987 dr a 000 0 spa d | ||
| 040 |
_aDO-SdBNP _bspa _cBNPHU |
||
| 082 |
_axxx _bB333c |
||
| 100 | 1 |
_aBatista, Domingo _d1946- _943004 |
|
| 245 | 1 | 0 |
_aColor dominicano / _cDomingo Batista ; presentación Alejandro E. Grullón E. |
| 260 |
_aSanto Domingo : _bAmigo del Hogar, _c1987. |
||
| 300 |
_a262 p. : _bil. ; _c27 cm. |
||
| 500 | _aIncluye datos biográficos del autor | ||
| 700 | 1 |
_aGrullón E., Alejandro E. _944329 |
|
| 049 | _aBNPD | ||
| 999 |
_c20707 _d20707 |
||